Obra poética.
Bewaard in:
| Hoofdauteur: | |
|---|---|
| Andere auteurs: | |
| Formaat: | Boek |
| Taal: | Engels |
| Gepubliceerd in: |
Zaragoza, España:
Prensas Universitarias de Zaragoza; Instituto de Estudios Altoaragoneses; Instituto de Estudios Turolenses; Depto. de Educación, Cultura y Deporte del Gobierno de Aragón,
2006.
|
| Editie: | 1a. edición. |
| Reeks: | Larumbe,
|
| Onderwerpen: | |
| Tags: |
Voeg label toe
Geen labels, Wees de eerste die dit record labelt!
|
MARC
| LEADER | 00000nam a22000007a 4500 | ||
|---|---|---|---|
| 003 | CL-VaPUC | ||
| 005 | 20241127094800.0 | ||
| 008 | 241120t2006 ||||| |||| 00| 0 eng d | ||
| 999 | |c 445852 |d 445850 | ||
| 020 | |a 84-7733-849-3 | ||
| 040 | |c Pontificia Universidad Católica de Valparaíso | ||
| 082 | |2 22 |a 861.3 SAL 2006 | ||
| 100 | |9 894073 |a Salinas, Manuel de |e autor | ||
| 245 | |a Obra poética. | ||
| 250 | |a 1a. edición. | ||
| 260 | |a Zaragoza, España: |b Prensas Universitarias de Zaragoza; |b Instituto de Estudios Altoaragoneses; |b Instituto de Estudios Turolenses; |b Depto. de Educación, Cultura y Deporte del Gobierno de Aragón, |c 2006. | ||
| 300 | |a 424 páginas. | ||
| 490 | |a Larumbe, |n 44. | ||
| 500 | |a c.1: Donación. Memo EDU. 14-11-2024. | ||
| 583 | |c 20241120 |k Yessy Sthefany Diaz Vidal | ||
| 600 | 0 | |9 894073 |a Salinas, Manuel de, |d 1615-1688 |v Vida y obras |x Poeta español | |
| 650 | 0 | |9 264938 |a Poesía española |v Crítica e interpretación |y Siglo 17 (Siglo de Oro) | |
| 700 | |9 894074 |a Cuevas Subías, Pablo |e edición, introducción y notas | ||
| 942 | |2 ddc |c BK | ||
| 952 | |0 0 |1 0 |2 ddc |4 0 |6 861_300000000000000_SAL_2006 |7 0 |8 A |9 598165 |a BIBEDU |b BIBEDU |d 2024-11-20 |e Donación |i 5663318 |o 861.3 SAL 2006 |p 5663318 |r 2024-11-20 |t 1 |w 2024-11-20 |y BK |k EDU | ||